ANATOMY & PHYSIOLOGY FOR NURSES (Record no. 2611)
[ view plain ]
| 000 -LEADER | |
|---|---|
| fixed length control field | 00310nam a2200133Ia 4500 |
| 082 ## - DEWEY DECIMAL CLASSIFICATION NUMBER | |
| Classification number | 611 |
| Item number | A 1993P |
| 100 ## - MAIN ENTRY--PERSONAL NAME | |
| Personal name | SHALYA,SUBHASH |
| 245 ## - TITLE STATEMENT | |
| Title | ANATOMY & PHYSIOLOGY FOR NURSES |
| 250 ## - EDITION STATEMENT | |
| Edition statement | 16TH |
| 260 ## - PUBLICATION, DISTRIBUTION, ETC. (IMPRINT) | |
| Name of publisher, distributor, etc | JAYPEE MEDICAL PUBLISHER |
| Place of publication, distribution, etc | NEW DELHI |
| Year of Publication | 1993 |
| 300 ## - PAGE DESCRIPTION | |
| No. of Pages | 1-41O |
| 650 ## - SUBJECT ADDED ENTRY--TOPICAL TERM | |
| Topical term or geographic name as entry element | ANATOMY |
| 942 ## - ADDED ENTRY ELEMENTS (KOHA) | |
| Source of classification or shelving scheme | Dewey Decimal Classification |
| Koha item type | Books |
| Withdrawn status | Lost status | Source of classification or shelving scheme | Damaged status | Not for loan | Home library | Current library | Date acquired | Vendor Name | Cost, normal purchase price | Volume Information (Serial or Books or Non-Book Material) | SGTU | Bill Number | Total Checkouts | Full call number | Accession No. (Barcode) | Date last seen | Bill Date | Koha item type |
|---|---|---|---|---|---|---|---|---|---|---|---|---|---|---|---|---|---|---|
| Dewey Decimal Classification | SGT Dental Library | SGT Dental Library | 13/07/2003 | U.B.S.DELHI | 120.00 | 1 | SGTU | 279 | 611 A 1993P | FD667 | 09/02/2015 | 02/02/2012 | Books |